Záchrana, stabilzácia a konzervovanie tradičných nosičov informácií v Slovenskej republike Číslo správy: 03/533/2004. Štátny program výskumu a vývoja 2003SP200280301
Na minha lista:
| Autor principal: | |
|---|---|
| Formato: | Livro |
| Idioma: | eslovaco |
| Publicado em: |
Bratislava
STU FCHPT
2004
|
| Edição: | 1. vyd. |
| Acesso em linha: | View in OPAC |
| Tags: |
Sem tags, seja o primeiro a adicionar uma tag!
|
MARC
| LEADER | 00000nam a2200000 a 4500 | ||
|---|---|---|---|
| 005 | 20260127134015.0 | ||
| 008 | 050317 2004 xo 000 0 slo d | ||
| 035 | |a vtls001520141 | ||
| 039 | 9 | |a 200702020932 |b msnk24 |c 200503170853 |d mschk03 |y 200503170849 |z mschk03 | |
| 040 | |a STUSCHK1 |b slo |c STUSCHK1 |e AACR2 | ||
| 080 | |a 7.02+543.2 | ||
| 100 | 1 | |a Katuščák, Svetozár, |d 1944- |9 22 | |
| 245 | 1 | |a Záchrana, stabilzácia a konzervovanie tradičných nosičov informácií v Slovenskej republike |b Číslo správy: 03/533/2004. Štátny program výskumu a vývoja 2003SP200280301 | |
| 250 | |a 1. vyd. | ||
| 260 | |a Bratislava |b STU FCHPT |c 2004 | ||
| 300 | |a 59 s. | ||
| 910 | |a SCHK95 | ||
| 999 | |c 1982 |d 1982 | ||